Bowlingozási szokások Magyarországon
| Main Author: | |
|---|---|
| Other Authors: | |
| Format: | Project work |
| Kulcsszavak: | bowling marketing piackutatás sportfogyasztás sportolás |
| Online Access: | http://dolgozattar.uni-bge.hu/60318 |
MARC
| LEADER | 00000nnm a2200000 i 4500 | ||
|---|---|---|---|
| 001 | dolg60318 | ||
| 005 | 20260409150311.0 | ||
| 008 | 260409suuuu hu o 000 hun d | ||
| 040 | |a BGE Dolgozattár Repozitórium |b hun | ||
| 041 | |a hu | ||
| 100 | 1 | |a Balla Letícia | |
| 245 | 1 | 0 | |a Bowlingozási szokások Magyarországon |c Balla Letícia |h [elektronikus dokumentum] |
| 516 | |a Project_work | ||
| 520 | 3 | |a A bowling hazánkban egyre népszerűbb szabadidős tevékenységgé vált az elmúlt években, különösen a fiatalabb generációk körében. A sportág sajátos vonzereje abban rejlik, hogy egyszerre kínál lehetőséget a mozgásra, a versengésre és a közösségi élményre. A kutatás eredményei alapján elmondható, hogy a bowling elsősorban szórakoztató programként jelenik meg a magyar lakosság életében, ritkábban tekintenek rá sporttevékenységként. A legaktívabb célcsoportot a 18–30 évesek alkotják, akik rendszeresebben járnak bowlingozni, különösen hétvégén és esti órákban. Számukra a program szinte mindig társasági esemény, amely gyakran étkezéssel, italfogyasztással vagy más kiegészítő tevékenységekkel (pl. biliárd, arcade játék) egészül ki. A középkorú (31–45 éves) válaszadók már visszafogottabb aktivitást mutatnak, általában ritkábban és kevesebb költéssel vesznek részt ilyen programokon, míg a 45 év felettiek esetében a bowling már inkább alkalomszerű, és kevésbé képezi a rendszeres szabadidős tevékenységek részét. A motivációk tekintetében a leggyakoribb válaszok közé tartozik a kikapcsolódás, barátokkal való közös időtöltés, valamint az élménykeresés. A válaszadók többsége nem versenyszerűen, hanem alkalmi jelleggel vesz részt bowlingozásban, elsősorban szórakozás céljából. A szolgáltatással szembeni elvárások között leggyakrabban a barátságos légkört, kedvező árakat, tiszta pályákat és jól karbantartott felszereléseket említették meg. Érdekesség, hogy a költési hajlandóság szoros összefüggést mutat az életkorral: a fiatalabbak nyitottabbak a nagyobb kiadásokra, míg az idősebbek inkább gazdaságos megoldásokat keresnek. Ez a különbség lehetőséget ad a szolgáltatóknak, hogy célzott promóciókkal és korosztály-specifikus ajánlatokkal növeljék a látogatottságot. Összességében a bowling egy dinamikusan fejlődő, élményalapú szabadidős tevékenység, amelyre jelentős kereslet mutatkozik, különösen az aktív online jelenléttel rendelkező fiatal felnőttek körében. A jövőbeni fejlesztések, marketingstratégiák és árképzési modellek kialakításánál érdemes figyelembe venni a különböző korcsoportok eltérő igényeit és szokásait. | |
| 695 | |a bowling | ||
| 695 | |a marketing | ||
| 695 | |a piackutatás | ||
| 695 | |a sportfogyasztás | ||
| 695 | |a sportolás | ||
| 700 | 1 | |a Molnár Dr. Zsolt |e ths | |
| 856 | 4 | 0 | |u http://dolgozattar.uni-bge.hu/60318/1/Projektmunka%20Bowlingoz%C3%A1si%20szok%C3%A1sok.pdf |z Dokumentum-elérés |
| 856 | 4 | 0 | |u http://dolgozattar.uni-bge.hu/60318/2/Balla_Leticia_KM%20FOSZK_Molnar.pdf |z Dokumentum-elérés |